Algorithm specification /

Guardado en:
Autor Corporativo: Courant Computer Science Symposium New York)
Otros Autores: Rustin, Randall. (Editor )
Formato: Libro
Idioma:English
Publicado: Englewood Cliffs, N.J. : Prentice-Hall, c1972.
Series:Prentice-Hall series in automatic computation
Etiquetas: Agregar Etiqueta
Sin Etiquetas, Sea el primero en etiquetar este registro!
LEADER 00809cam a22002175 4500
001 MAT.inmabb002134
008 720322s1972####njua#####b####100#0#eng#d
005 20160606173049.0
245 1 0 |a Algorithm specification /  |c edited by Randall Rustin. 
260 |a Englewood Cliffs, N.J. :  |b Prentice-Hall,  |c c1972. 
300 |a 141 p. :  |b il. ;  |c 24 cm. 
440 0 |a Prentice-Hall series in automatic computation 
500 |a Cab. de portada: "Courant Computer Science Symposium 4, March 1-2, 1971". 
504 |a Incluye referencias bibliográficas. 
510 4 |a MR,  |c 54 #4173 
020 |a 0130223190 
111 2 |a Courant Computer Science Symposium  |n (4º :  |d 1971 :  |c New York) 
700 1 |a Rustin, Randall.  |4 edt 
084 |a 68Wxx (68-06)  |2 msc2000 
010 |a  72000512  
859 |h 68  |i C858-4  |p A-3792  |b BIB. MATEMATICA